|
|
|
|
| LEADER |
01785nam a22002777a 4500 |
| 001 |
44966 |
| 003 |
BD-DhAAL |
| 005 |
20251022130156.0 |
| 008 |
251021t2021 enk||||| |||| 00| 0 eng d |
| 020 |
|
|
|a 9798534224337
|
| 040 |
|
|
|a BD-DhAAL
|c BD-DhAAL
|
| 041 |
|
|
|b eng
|b jpn
|
| 082 |
|
|
|a 495.682421
|2 23
|
| 245 |
|
|
|a Japanese writing practice book master Hiragana & Katakana :
|b writing with JLPT N5 words : handwriting practice & vocabulary building /
|c Nihongo Pal.
|
| 260 |
|
|
|a [No place of publication identified] :
|b Nihongo Pal Press,
|c 2021.
|
| 300 |
|
|
|a 127 pages ;
|c 24 cm
|
| 650 |
|
|
|a Japanese language
|v Textbooks for foreign speakers
|x English.
|9 59285
|
| 650 |
|
|
|a Japanese language
|x Writing
|v Problems, exercises, etc.
|9 59703
|
| 650 |
|
|
|a Japanese language
|v Self-instruction.
|9 59616
|
| 650 |
|
|
|a Japanese language
|x Writing
|x Hiragana.
|9 59612
|
| 650 |
|
|
|a Japanese language
|x Writing
|x Kana.
|9 59289
|
| 710 |
|
|
|a Nihongo Pal,
|e Publisher
|9 59714
|
| 942 |
|
|
|2 ddc
|c BK
|
| 999 |
|
|
|c 47493
|d 47493
|
| 952 |
|
|
|0 0
|1 0
|2 ddc
|4 0
|6 495_682421000000000_JAP
|7 0
|9 78381
|a BRACUL
|b BRACUL
|c NEW
|d 2025-10-19
|e Hye Trade International
|g 2040.00
|l 0
|o 495.682421 JAP
|p 3010044966
|r 2025-10-19
|t 1
|v 4080.00
|w 2025-10-19
|y BK
|x Requisitioned by Annajiat Alim Rasel (Senior Lecturer, Department of Computer Science and Engineering, BRAC University) for the course named - 'Japanese Language and General for ITEE (JPN 101)'
|
| 952 |
|
|
|0 0
|1 0
|2 ddc
|4 0
|6 495_682421000000000_JAP
|7 0
|9 78382
|a BRACUL
|b BRACUL
|c GEN
|d 2025-10-19
|e Hye Trade International
|g 2040.00
|l 0
|o 495.682421 JAP
|p 3010044967
|r 2025-10-19
|t 2
|v 4080.00
|w 2025-10-19
|y BK
|x Requisitioned by Annajiat Alim Rasel (Senior Lecturer, Department of Computer Science and Engineering, BRAC University) for the course named - 'Japanese Language and General for ITEE (JPN 101)'
|